01472nam a2200229 i 450000500170000000800410001702000400005804000250009808200150012310000370013824501230017526400470029826400110034530000590035633600210041533700250043633800230046150000190048452006830050365000340118665000220122020230307154414.0230307t20212021us o|||g |||| 00| 0 eng d a9781493055968cRM107.07qpaperback  aPPAKbengcPPAKerda04223a796.511 aSotolongo, Jen,d1982-eauthor. 14aTHE ESSENTIAL GUIDE TO HIKING WITH DOGS :bTrail-Tested Tips and Expert Advice for Canine Adventures /cJEN SOTOLONGO  1aGuilford, Connecticut : bFALCON,c[2021?] 4c©2021 ax, 196 pages :bchiefly colour photographs ; c24 cm.  atext2rdacontent aunmediated2rdamedia avolume2rdacarrier aIncludes index aHiking with your canine companion is one of the most rewarding experiences you can have as a dog owner. Now, with Jen Sotolongo's Essential Guide to Hiking with a Dog, you and your four-legged friend can be ready for anything the wilderness might throw at you, to set yourselves and others up for the very best hiking experience. Need-to-know topics are covered for the novice hiker or new owner, from trail etiquette to leave no trace ethics, important gear and packing guides to essential commands you should train on the trail. Featuring beautiful and illustrative photographs from the author, this must-have guide will inform and inspire any adventure dog and their parents.10aHiking with dogs vGuidebooks20aHiking with dogs